000 00842nam a2200265 a 4500
001 BRL_1377
005 20190320211155.0
008 090114s1988----nyuao#####---#000-0#eng-#
020 _a0517658712
041 _aeng
044 _au
050 4 _aNK9112
_b.W66 1988
100 1 _aWoodard, Thomas K.
_926689
245 1 0 _aCrib quilts and other small wonders
_bincluding complete patterns and instructions for making your own crib quilts
_cThos. K. Woodard & Blanche Greenstein.
260 _aNew York
_bBonanza Books
_c1988
300 _avii, 136 p.
_bil.
_c29 cm.
500 _aAu1643
500 _aIncluye ídice
504 _aBibliografía: p. 133-134
650 1 4 _aColchas de cuna
_zEstados Unidos
_926690
650 1 4 _aColchas de cuna
_xPatrones
_926691
700 1 _aGreenstein, Blanche
_926692
902 _aGRL
942 _2lcc
_cB
999 _c10188
_d10188